Datum a čas kvízu

21.5 Celkem bodů Celkový počet nahraných bodů na tomto kvízu bez doplňovacích otázek.
6. Pořadí na kvízu Konečné umístění týmu na tomto kvízu.

Zaznamenané odpovědi

# Otázka Odpověď Body Výsledky
1. ODS v pondělí představila svou... 1C 2D 3B 4A 1
2. Donald Trump daroval členům sv... boty 1
3. Tento muž bude reprezentovat Č... Daniel Žižka 0
4. Která společnost patřící do na... Orlen Unipetrol 1
5. Řízný obránce Radko Gudas dost... Auston Matthews; Toronto (Maple Leafs) 1
6. Nejrozšířenějším „národním spo... D 0
7. Za národní sport lze považovat... národní házená (česká házená) 0
8. Některé země mají svůj národní... lakros 1
9. U uzákoněných národních sportů... polo; basketbal 0
10. I medailové úspěchy z olympijs... D 0